Traditional agriculture in Southeast Asia : a human ecology perspective /

Bibliographic Details
Corporate Author: East-West Environment and Policy Institute (Honolulu, Hawaii)
Other Authors: Marten, Gerald G., 1939-
Format: Book
Language:English
Published: Boulder : Westview Press, [1986]
Subjects:

MARC

Tag First Indicator Second Indicator Subfields
LEADER 00000cam a2200000 a 4500
001 in00000397331
005 20151012053022.0
008 851127s1986 coua b 00110 eng
010 |a  85051994  
020 |a 0813370264 :  |c $32.50 
035 |a (OCoLC)12975293 
035 |9 ABU2840AM 
040 |a DLC  |c DLC  |d TXA  |d UtOrBLW 
043 |a as----- 
049 |a TXAM  |c [A09559435] 
050 0 0 |a S470.S64  |b T73 1986 
082 0 |a 307.7/2  |2 19 
245 0 0 |a Traditional agriculture in Southeast Asia :  |b a human ecology perspective /  |c edited by Gerald G. Marten. 
264 1 |a Boulder :  |b Westview Press,  |c [1986] 
264 4 |c ©1986 
300 |a xxvi, 358 pages :  |b illustrations ;  |c 24 cm. 
336 |a text  |b txt  |2 rdacontent 
337 |a unmediated  |b n  |2 rdamedia 
338 |a volume  |b nc  |2 rdacarrier 
500 |a "Published in cooperation with the East-West Center Environment and Policy Institute, Honolulu, Hawaii." 
504 |a Includes bibliographies and index. 
650 0 |a Agriculture  |z Southeast Asia. 
650 0 |a Agricultural ecology  |z Southeast Asia. 
650 0 |a Agriculture  |x Social aspects  |z Southeast Asia. 
650 0 |a Agriculture  |x Economic aspects  |z Southeast Asia. 
650 0 |a Human ecology  |z Southeast Asia. 
700 1 |a Marten, Gerald G.,  |d 1939- 
710 2 |a East-West Environment and Policy Institute (Honolulu, Hawaii) 
999 |a MARS 
999 f f |s 5d9eaef5-2a84-3e3e-8627-322ca493e9b1  |i 20766665-c773-3d2a-8042-ab8f18453961  |t 0 
952 f f |p ric  |a Texas A&M University  |b Rellis Campus  |c Joint Library Facility  |d Remote Storage  |t 0  |e S470.S64 T73 1986  |h Library of Congress classification  |i unmediated -- volume  |m A14809559435 
998 f f |a S470.S64 T73 1986  |t 0  |l Remote Storage